Sesión de homenaje a la memoria del ateneísta D. Miguel García Bravo-Ferrer : (Record no. 196080)

MARC details
000 -LEADER
campo de control de longitud fija 01643nam a2200445 i 4500
001 - NÚMERO DE CONTROL
campo de control 196080
003 - IDENTIFICADOR DE NÚMERO DE CONTROL
campo de control ES-MaACL
005 - FECHA Y HORA DE LA ÚLTIMA TRANSACCIÓN
campo de control 20250502063017.0
008 - DATOS DE LONGITUD FIJA--INFORMACIÓN GENERAL
campo de control de longitud fija 240811s2005 sp | ||| ||spa
016 7# - NÚMERO DE CONTROL DE UNA AGENCIA BIBLIOGRÁFICA NACIONAL
Número de control del registro bimoBNE20050455082
Fuente SpMaBN
016 ## - NÚMERO DE CONTROL DE UNA AGENCIA BIBLIOGRÁFICA NACIONAL
Número de control del registro BNE20052678249
016 ## - NÚMERO DE CONTROL DE UNA AGENCIA BIBLIOGRÁFICA NACIONAL
Número de control del registro BNE20061322121
016 ## - NÚMERO DE CONTROL DE UNA AGENCIA BIBLIOGRÁFICA NACIONAL
Número de control del registro BNE20052733331
016 ## - NÚMERO DE CONTROL DE UNA AGENCIA BIBLIOGRÁFICA NACIONAL
Número de control del registro BNE20052747864
017 ## - NÚMERO DE COPYRIGHT O DE DEPÓSITO LEGAL
Número de copyright o de depósito legal SE 2103-2005
Agencia que asigna Oficina Depósito Legal Sevilla
035 ## - NÚMERO DE CONTROL DEL SISTEMA
Número de control de sistema (OCoLC)433844178
035 ## - NÚMERO DE CONTROL DEL SISTEMA
Número de control de sistema (SpMaBN)Mimo0002039355
035 ## - NÚMERO DE CONTROL DEL SISTEMA
Número de control de sistema 30267481-34bne_inst
035 ## - NÚMERO DE CONTROL DEL SISTEMA
Número de control de sistema 30267479-34bne_inst
035 ## - NÚMERO DE CONTROL DEL SISTEMA
Número de control de sistema 30267480-34bne_inst
035 ## - NÚMERO DE CONTROL DEL SISTEMA
Número de control de sistema 30267478-34bne_inst
035 ## - NÚMERO DE CONTROL DEL SISTEMA
Número de control de sistema 991058916389708606
040 ## - FUENTE DE CATALOGACIÓN
Centro catalogador/agencia de origen SpMaBN
Lengua de catalogación spa
Centro/agencia transcriptor SpMaBN
Normas de descripción rdc
080 ## - NÚMERO DE LA CLASIFICACIÓN DECIMAL UNIVERSAL
Número de la Clasificación Decimal Universal 929 García Bravo-Ferrer, Miguel (082.2)
245 00 - MENCIÓN DEL TÍTULO
Título Sesión de homenaje a la memoria del ateneísta D. Miguel García Bravo-Ferrer :
Resto del título (14 de febrero de 2005).
260 ## - PUBLICACIÓN, DISTRIBUCIÓN, ETC.
Lugar de publicación, distribución, etc. [Sevilla] :
Nombre del editor, distribuidor, etc. Ateneo de Sevilla,
Fecha de publicación, distribución, etc. 2005.
300 ## - DESCRIPCIÓN FÍSICA
Extensión 81 p. :
Otras características físicas il. ;
Dimensiones 24 cm.
336 ## - TIPO DE CONTENIDO
Fuente rdacontent
Término de tipo de contenido texto
337 ## - TIPO DE MEDIO
Fuente rdamedia
Nombre/término del tipo de medio sin mediación
338 ## - TIPO DE SOPORTE
Fuente rdacarrier
Nombre/término del tipo de soporte volumen
600 #0 - PUNTO DE ACCESO ADICIONAL DE MATERIA--NOMBRE DE PERSONA
Nombre de persona García Bravo-Ferrer, Miguel-
Subdivisión de forma Homenajes
Fuente del encabezamiento o término embne
9 (RLIN) 238100
655 #7 - TERMINO DE INDIZACIÓN--GENERO/FORMA
Fuente del término tgfbne
9 (RLIN) 226850
Datos o término principal de género/forma Homenajes
700 ## - ENTRADA AGREGADA--NOMBRE PERSONAL
Nombre de persona García Bravo-Ferrer, Miguel
9 (RLIN) 238101
852 ## - LOCALIZACIÓN
Ubicación ES-MaACL
Sublocalización o colección R.153586
Ubicación en estantería Depósito J
Número de control de estantería N-9207
Donativo/Legado Donación: Editorial
Encuadernación Encuadernación rústica
itemnumber 205157
883 1# - PROCEDENCIA DE METADATOS
Proceso de creación Cotejo registros de fondos y signatura-ítem
Fecha de creación 20220521
942 ## - ELEMENTOS DE ENTRADA SECUNDARIOS (KOHA)
Tipo de ítem Koha Libro impreso
Suprimir en OPAC No
Holdings
Estatus retirado Estado de pérdida Fuente del sistema de clasificación o colocación Estado de daño No para préstamo Biblioteca de origen Biblioteca actual Ubicación en estantería Fecha de adquisición Fuente de adquisición Total de préstamos Signatura topográfica completa Código de barras Visto por última vez Precio de reemplazo Tipo de ítem Koha
    Clasificación decimal universal     Biblioteca del Ateneo de Madrid Biblioteca del Ateneo de Madrid Depósito J 30/04/2025 Donación   N-9207 101229947 30/04/2025 30/04/2025 Libro impreso